000 00619nam a22002297a 4500
005 20240419103750.0
008 220806b |||||||| |||| 00| 0 eng d
020 _a9788178292199
_cRs.1845.00
040 _aLoreto College
041 _aEnglish
082 _a301.01
_bADA
100 _aAdams,Bert N.
245 _aSociological theory
_cBert N.Adams and R.A.Sydie
260 _aNew Delhi
_bSage Publications India
_c2002
300 _axxx,612p
_b24cm
504 _aIncludes index
650 _aSociology
650 _aSociology-Theory
700 _4Auth
_aSydie,R.A.
850 _aLCLIB
_bPCCHANDRA
942 _cBK
999 _c43043
_d93522